Unknown Christ of Hinduism. (Record no. 2399)

MARC details
000 -LEADER
fixed length control field 00629nam a2200241 a 4500
020 ## - INTERNATIONAL STANDARD BOOK NUMBER
ISBN
082 00 - DEWEY DECIMAL CLASSIFICATION NUMBER
Classification number 291.172
Author Cutter PAN1
100 ## - MAIN ENTRY--AUTHOR NAME
Author name Panikkar, Raymond
245 ## - TITLE STATEMENT
Title Unknown Christ of Hinduism.
260 ## - PUBLICATION, DISTRIBUTION, ETC. (IMPRINT)
Place of publication London
Name of publisher Darton and Longman
Year of publication 1964
300 ## - PHYSICAL DESCRIPTION
Number of Pages 163
500 ## - GENERAL NOTE
General note includes index and biblioraphy
505 2# - FORMATTED CONTENTS NOTE
Formatted contents note Index, Printed by C.Foster, Madras.
650 ## - SUBJECT ADDED ENTRY--TOPICAL TERM
Topical Term Reconciliation-Interfaith Hindu Chr
942 ## - ADDED ENTRY ELEMENTS (KOHA)
Koha item type Books
700 1# -
-- Panikkar, Raymond
Holdings
Home library Current library Date acquired Cost, normal purchase price Full call number Accession Number Koha item type
Henry Martyn Institute Library Henry Martyn Institute Library   100.00 291.172 PAN1 03243 E-Books
Henry Martyn Institute Library Henry Martyn Institute Library   100.00 291.172 PAN1 08688 Books
                   Copyright © 2026 | Henry Martyn Institute | Hyderabad | TS-500052 | INDIA | Implemented by hmi.edu.in
Hit-Count:

Powered by Koha